Šťastná za všech okolností /
Autobiografické příběhy známé české spisovatelky a herečky, psané jakoby pod heslem "nic není tak černé, aby se na to nešlo dívat růžovými brýlemi", jsou plné nezměrné vitality, elánu a optimismu a potvrzují, že "život je dar, štěstí je volba".
Uloženo v:
| Hlavní autor: | |
|---|---|
| Médium: | E-kniha |
| Jazyk: | Czech |
| Vydáno: |
Praha :
Motto,
2021
|
| Vydání: | Vydání první |
| Témata: | |
| Tagy: |
Žádné tagy |
| LEADER | 02817nam a2200529 i 4500 | ||
|---|---|---|---|
| 001 | 311443 | ||
| 003 | CZ PrSKC | ||
| 005 | 20260601215705.0 | ||
| 007 | ta | ||
| 008 | 211101s2021 xr g 000 jacze | ||
| 015 | |a cnb003368331 | ||
| 020 | |a 9788026721130 |q (vázáno) | ||
| 035 | |a (OCoLC)1291385303 | ||
| 040 | |a ABG001 |b cze |e rda | ||
| 043 | |a e-xr--- | ||
| 045 | |a x3y2 | ||
| 072 | 7 | |a 821.162.3-3 |x Česká próza |2 Konspekt | |
| 072 | 7 | |a 929 |x Biografie |2 Konspekt | |
| 080 | |a 821.162.3-32 |2 MRF | ||
| 080 | |a 791/792.071.2-055.2 |2 MRF | ||
| 080 | |a 929 |2 MRF | ||
| 080 | |a (437.3) |2 MRF | ||
| 080 | |a (0:82-32) |2 MRF | ||
| 080 | |a (0:82-94) |2 MRF | ||
| 100 | 1 | |a Devátá, Ivanka, |d 1935- |7 jn19990209138 |4 aut | |
| 245 | 1 | 0 | |a Šťastná za všech okolností / |c Ivanka Devátá |
| 250 | |a Vydání první | ||
| 264 | 1 | |a Praha : |b Motto, |c 2021 | |
| 300 | |a 210 stran ; |c 19 cm | ||
| 336 | |a text |b txt |2 rdacontent | ||
| 337 | |a bez média |b n |2 rdamedia | ||
| 338 | |a svazek |b nc |2 rdacarrier | ||
| 520 | 2 | |a Autobiografické příběhy známé české spisovatelky a herečky, psané jakoby pod heslem "nic není tak černé, aby se na to nešlo dívat růžovými brýlemi", jsou plné nezměrné vitality, elánu a optimismu a potvrzují, že "život je dar, štěstí je volba". |b "Až umřu, kluci," říkám svým synům, "chci, abyste věděli, že jsem byla šťastná, protože já dovedla být šťastná za všech okolností." Úspěšná herečka a ještě úspěšnější spisovatelka Ivanka Devátá se po letech odhodlala k sepsání autobiografie, které se tak dlouho bránila. I když její život nebyl vždycky šťastný, i když i ji potkávaly problémy, zrady a zklamání, i když i jí bylo často spíš k slzám než k radosti, její talent na štěstí vždycky zvítězil. Nakladatelská anotace. | |
| 600 | 1 | 7 | |a Devátá, Ivanka, |d 1935- |7 jn19990209138 |2 czenas |
| 648 | 7 | |a 20.-21. století |7 ch462155 |2 czenas | |
| 650 | 0 | 7 | |a herečky |7 ph120685 |z Česko |y 20.-21. století |2 czenas |
| 650 | 0 | 9 | |a actresses |z Czechia |y 20th-21st centuries |2 eczenas |
| 655 | 7 | |a české příběhy |7 fd133973 |2 czenas | |
| 655 | 7 | |a autobiografické vzpomínky |7 fd131854 |2 czenas | |
| 655 | 9 | |a Czech stories |2 eczenas | |
| 655 | 9 | |a autobiographical reminiscences |2 eczenas | |
| 900 | |a ABA001 |b 19 | ||
| 928 | 9 | |a Albatros Media - Motto | |
| 044 | |a xr | ||
| 910 | |a RBIT002 | ||
| 998 | |d 337860 |a https://core.palmknihy.cz/api/books/337860/cover?si81r9 |b https://core.palmknihy.cz/api/books/337860/cover/400?si81r9 |c https://core.palmknihy.cz/api/books/337860/cover/50?si81r9 |e 2028-12-31 |g 216 |i 9788026721130 |j https://core.palmknihy.cz/api/books/337860/preview.epub |k https://core.palmknihy.cz/api/books/337860/preview.pdf |l |q 49 |r 1 |s https://www.palmknihy.cz/kniha/337860 |t ebook |y 2021 |z 0 | ||
| 999 | |d 311441 | ||